000 00835nam a2200253 i 4500
001 C2-0305477
003 PPAK
005 20180728090737.0
008 100824s2010 my |||| ||||| | may d
040 _aPPAK
_beng
_cPPAK
_erda
082 0 4 _a959.5112
_223
090 0 0 _a959.5112
_bULA
_dKK
110 2 _aPerbadanan Perpustakaan Awam Kedah
245 0 0 _aUlama DiRaja
264 1 _aAlor Setar, Kedah :
_bPerbadanan Perpustakaan Awam Kedah ,
_c2010
300 _a19 pages ;
_c30 cm
336 _2rdacontent
_atext
337 _2rdamedia
_aunmediated
338 _2rdacarrier
_avolume
500 _aTemubual En. Zahidi Zainol Rashid dengan Tuan Haji Ismail Salleh di Perbadanan Perpustakaan AWam Kedah pada 19.12.1999.
650 1 0 _aKedah - History.
710 2 _aPerbadanan Perpustakaan Awam Kedah
_eorganizer
942 _ddc
_cB
999 _c108476
_d108476